• 首页
  • 本馆介绍
  • 公告通知
  • 最新文献
  • 馆藏检索
  • 电子资源
  • 读者导购
  • 参考咨询
  • 我的图书馆
  • 登录
  • 详细信息显示
  • 放入我的书架
  • 预约/预借图书
  • 作者相关作品
  • 分类相关作品
  • 丛书相关作品
  • 出版社相关作品

书目信息

  • 表格格式
  • 工作单格式
  • 卡片格式
题名:
印度文化简史
    
 
作者: 王树英 著
分册:  
出版信息: 北京   人民出版社  2011
页数: 12,241页
开本: 24cm
丛书名: 中印文化交流丛书
单 册:
中图分类: K351.03
科图分类:
主题词: 文化史--印度 , 文化史
电子资源:
ISBN: 978-7-01-010097-5
000 01037oam2 2200289 450
001 523
005 20140910105901.25
010    @a978-7-01-010097-5@dCNY38.00
100    @a20111118d2011 em y0chiy50 ea
101 0  @achi@eeng
102    @aCN@b110000
105    @ay z 000yy
106    @ar
200 1  @a印度文化简史@AYin Du Wen Hua Jian Shi@dBrief history of Indian cultural@f王树英著@FWang Shu Ying Zhu@zeng
210    @a北京@c人民出版社@d2011
215    @a12,241页@d24cm
225 2  @a中印文化交流丛书
300    @a中国社会科学院老年科研基金资助
330    @a本书共十章,内容包括:印度文化的基本类型和特点;印度史前时期的文化和印度河流域文明;吠陀时代;列国时期;孔雀王朝时期;笈多王朝时期;戒日王朝的兴衰与佛教的发展传播等共十章。
461  0 @12001 @a中印文化交流丛书
510 1  @aBrief history of Indian cultural@zeng
606 0  @a文化史@y印度
606 0  @a文化史
690    @aK351.03@v5
701  0 @a王树英@AWang Shu Ying@f(1938.7~)@4著
801  0 @aCN@bTANGWEI@c20140603
905    @b0840353-55@dK351.03@e15@f3
    
    印度文化简史=Brief history of Indian cultural/王树英著.-北京:人民出版社,2011
    12,241页;24cm.-(中印文化交流丛书)
    中国社会科学院老年科研基金资助
    
    ISBN 978-7-01-010097-5:CNY38.00
    本书共十章,内容包括:印度文化的基本类型和特点;印度史前时期的文化和印度河流域文明;吠陀时代;列国时期;孔雀王朝时期;笈多王朝时期;戒日王朝的兴衰与佛教的发展传播等共十章。
●
相关链接 在E读中查询图书 在五车中查询图书 在当当中查询图书 在豆瓣中查询图书


正题名:印度文化简史     索取号:K351.03/15         预约/预借

序号 登录号 条形码 馆藏地/架位号 状态 备注
1 0840353   208403538   第二样本阅览室/ [索取号:K351.03/15] 在馆    
2 0840354   208403547   第二借阅区/ [索取号:K351.03/15] 在馆    
3 0840355   208403556   密集书库-史法系/ [索取号:K351.03/15] 在馆    
唐山师范学院图书馆 欢迎您!
大连网信软件有限公司© 版权所有